000 00578nam a2200217Ia 4500
008 160404s9999 xx 000 0 und d
050 _aFIL TH 145
050 _b.F35 2001
100 _aFajardo, Max B., Jr.
245 _aSimplified methods on building construction /
245 _cMax B. Fajardo Jr.
260 _aQuezon City:
260 _b5138 Trading,
260 _c2001
300 _a388 pages :
300 _billustrations ;
300 _c21 cm.
500 _aIncludes bibliographical references.
650 _aBuilding.
650 _xConstruction industry.
999 _c293336
_d293336